000 01035nam a22002777a 4500
001 BR8701871
003 BR-BrBNA
005 20230928092435.0
007 ta
008 230509b bl.||||| |||| 00| 0 por d
040 _aBR-BrBNA
_bpor
_cBiblioteca Nacional de Agricultura
041 _a(Por)
072 _aK10
_b3240
090 _ 3240 BR8701871
100 1 _aCampos, A.L.A.S.
110 1 _aUniversidade Federal de Vicosa, MG (Brasil)
_0Tese (Magister Scientiae)
245 1 _aDesenvolvimento de um sistema compativel de crescimento e producao para manejo de Eucalyptus grandis (W. Hill ex-Maiden)
246 1 _a[Development of a compatible growth and production system for Eucalyptus grandis (W. Hill ex-Maiden)]
260 3 _aVicosa, MG (Brasil):
_c1986.
300 _a73 p.
500 _a14 illus.; 19 tables; 37 ref.; Summary (Por). (*) Documento disponível na(o) Universidade Federal de Vicosa, MG (Brazil)
650 _aEUCALIPTO
650 _aCRESCIMENTO
909 _a202309
_bLucia
_c55
_dLucia Elande
942 _cBK
999 _c39078
_d39078